00490nam a22002057a 4500003000500000005001700005008004100022010001000063011001000073035001000083040000900093082001500102100002100117245002800138260003700166300001100203490002200214650002600236830002200262CHAP20220817043014.0971013s1995 r 00010 d a62492 a63464 a67640 cCHAP a340.1bB3Y00aBatiffol, Henri. aFilosofía del derecho aMéxico, D. F. :bCruz O,c1995 a123 p. aQué sé?v; 3314aDerechoxFilosofía.0 aQué sé?v; 33